Fr. Conceicao Rodrigues College of Engineering

Parallel & distributed Computation (Record no. 34682)

MARC details
000 -LEADER
fixed length control field 00318nam a2200133Ia 4500
100 ## - MAIN ENTRY--PERSONAL NAME
Personal name Bertsekas D.P.
245 ## - TITLE STATEMENT
Title Parallel & distributed Computation
260 ## - PUBLICATION, DISTRIBUTION, ETC.
Name of publisher, distributor, etc. Prentice Hall
Place of publication, distribution, etc. New Jersey
Date of publication, distribution, etc. 1989
546 ## - LANGUAGE NOTE
Language note ENGLISH
650 ## - SUBJECT ADDED ENTRY--TOPICAL TERM
Topical term or geographic name entry element Electrical Engineering
654 ## - SUBJECT ADDED ENTRY--FACETED TOPICAL TERMS
Focus term Computation
942 ## - ADDED ENTRY ELEMENTS (KOHA)
Koha item type Reference Book
Holdings
Withdrawn status Lost status Damaged status Not for loan Collection Home library Current library Shelving location Date acquired Source of acquisition Cost, normal purchase price Inventory number Total Checkouts Full call number Barcode Date last seen Cost, replacement price Price effective from Koha item type
        CRC Fr. Agnel's C.Rodrigues College of Engineering Fr. Agnel's C.Rodrigues College of Engineering   17/03/2023 global books 1560.00 164   6187 17/03/2023 1560.00 17/03/2023 Reference Book